Экономика туризма: учебное пособие

Detaylı Bibliyografya
Yazar: Овчаров А. О. Антон Олегович
Özet:Учебное пособие раскрывает комплекс экономических проблем туризма на макроуровне. Рассматриваются проблемы туристского рынка, особенности туристского спроса и предложения. Особое внимание уделяется экономическому анализу туристской индустрии. Для научных работников и преподавателей, студентов и аспирантов высших учебных заведений, работников органов государственной власти в сфере туризма, для всех интересующихся современным состоянием и перспективами развития российского туризма.
Dil:Rusça
Baskı/Yayın Bilgisi: Москва, Инфра-М, 2014
Seri Bilgileri:Высшее образование. Бакалавриат
Konular:
Materyal Türü: MixedMaterials Kitap
KOHA link:https://koha.lib.tpu.ru/cgi-bin/koha/opac-detail.pl?biblionumber=254099

MARC

LEADER 00000nam0a2200000 4500
001 254099
005 20231101232915.0
010 |a 9785160053356 
035 |a (RuTPU)RU\TPU\book\276524 
090 |a 254099 
100 |a 20140319d2014 m y0rusy50 ca 
101 0 |a rus 
102 |a RU 
105 |a y j 001zy 
200 1 |a Экономика туризма  |e учебное пособие  |f А. О. Овчаров 
210 |a Москва  |c Инфра-М  |d 2014 
215 |a 252 с. 
225 1 |a Высшее образование. Бакалавриат 
320 |a Библиогр.: с. 248-250. 
330 |a Учебное пособие раскрывает комплекс экономических проблем туризма на макроуровне. Рассматриваются проблемы туристского рынка, особенности туристского спроса и предложения. Особое внимание уделяется экономическому анализу туристской индустрии. Для научных работников и преподавателей, студентов и аспирантов высших учебных заведений, работников органов государственной власти в сфере туризма, для всех интересующихся современным состоянием и перспективами развития российского туризма. 
606 1 |a Туризм  |x Экономика  |2 stltpush  |3 (RuTPU)RU\TPU\subj\53770  |9 71935 
610 1 |a туристическая деятельность 
610 1 |a экономические особенности 
610 1 |a международный туризм 
610 1 |a туристский рынок 
610 1 |a туристский спрос 
610 1 |a туристские предложения 
610 1 |a экономический анализ 
610 1 |a макроэкономические индикаторы 
610 1 |a гостиничная деятельность 
610 1 |a курортный туризм 
610 1 |a транспорт 
610 1 |a питание 
610 1 |a туристские инвестиции 
610 1 |a ценообразование 
610 1 |a учебные пособия 
686 |a У9(2)43я73  |v LBC/SL-A  |2 rubbk 
700 1 |a Овчаров  |b А. О.  |g Антон Олегович 
801 1 |a RU  |b 63413507  |c 20140319 
801 2 |a RU  |b 63413507  |c 20150629  |g RCR 
942 |c BK 
959 |a 51/20140317  |d 5  |e 259,90  |f ЧЗГЛ:1  |f АНЛ:1  |f УФ:3